Normal view
MARC view
- اللغة العربية -- نحو -- اللغة العربية -- صرف
Entry Topical Term
001 - CONTROL NUMBER
- control field: 26809
003 - CONTROL NUMBER IDENTIFIER
- control field: JO-AjAnu
005 - DATE AND TIME OF LATEST TRANSACTION
- control field: 20230606074549.0
008 - FIXED-LENGTH DATA ELEMENTS
- fixed length control field: 230606|| aca||aabn | a|a d
040 ## - CATALOGING SOURCE
- Original cataloging agency: JO-AjAnu
- Transcribing agency: JO-AjAnu
150 ## - HEADING--TOPICAL TERM
- Topical term or geographic name entry element: اللغة العربية -- نحو -- اللغة العربية -- صرف
670 ## - SOURCE DATA FOUND
- Source citation: Work cat.: (JO-AjAnu)13770: تأليف ابن هشام، عبد الله بن يوسف بن أحمد ، عبد الحميد، محمد محيي الدين, author 26808, أوضح المسالك إلى ألفية ابن مالك / عدة السالك إلى تحقيق أوضح المسالك